[Event "Alberta-ch"]
[Site "Edmonton CAN"]
[Date "2008.03.23"]
[Round "4"]
[White "Hansen, Eric"]
[Black "Huber, Gregory"]
[Result "1-0"]
[WhiteElo "2326"]
[BlackElo "2348"]
[PlyCount "97"]
[GameId "2160767910351392"]
[EventDate "2008.03.21"]
[EventType "tourn"]
[EventRounds "5"]
[EventCountry "CAN"]
[SourceTitle "EXT 2011"]
[Source "ChessBase"]
[SourceDate "2011.11.26"]
[SourceVersion "1"]
[SourceVersionDate "2011.11.26"]
[SourceQuality "1"]

1. e4 c5 2. Nf3 e6 3. d4 cxd4 4. Nxd4 a6 5. Bd3 Nf6 6. O-O Qc7 7. Kh1 Bc5 8. Nb3 Be7 9. f4 d6 10. Nc3 Nbd7 11. Qf3 O-O 12. Be3 b5 13. a4 b4 14. Na2 Bb7 15. c3 Nc5 16. Bxc5 dxc5 17. cxb4 cxb4 18. Rac1 Qb6 19. a5 Qa7 20. Rc7 Bd6 21. Rxb7 Qxb7 22. e5 Qxf3 23. Rxf3 Bxe5 24. fxe5 Ng4 25. Nxb4 Nxe5 26. Re3 Ng4 27. Rg3 Nf2+ 28. Kg1 Nxd3 29. Nxd3 Rfb8 30. Nbc5 e5 31. Re3 f6 32. b4 Kf7 33. Kf2 Ke7 34. Re4 Kd6 35. Ke3 Ra7 36. Kd2 Re8 37. g4 g6 38. Kc3 Kd5 39. Rc4 f5 40. gxf5 gxf5 41. Na4 f4 42. Rc5+ Ke4 43. Nb6 Re6 44. Nc4 Rae7 45. b5 axb5 46. Rxb5 Rh6 47. a6 Rxh2 48. Rb7 Rh3 49. Nd2+ 1-0

[Event "Alberta-ch"]
[Site "Edmonton CAN"]
[Date "2008.03.23"]
[Round "4"]
[White "Reeve, Jeff"]
[Black "Kazmaier, Daniel"]
[Result "1-0"]
[WhiteElo "2325"]
[BlackElo "2262"]
[PlyCount "75"]
[GameId "2160767910351393"]
[EventDate "2008.03.21"]
[EventType "tourn"]
[EventRounds "5"]
[EventCountry "CAN"]
[SourceTitle "EXT 2011"]
[Source "ChessBase"]
[SourceDate "2011.11.26"]
[SourceVersion "1"]
[SourceVersionDate "2011.11.26"]
[SourceQuality "1"]

1. e4 e6 2. d4 d5 3. Nc3 Bb4 4. e5 c5 5. a3 Bxc3+ 6. bxc3 Qa5 7. Bd2 Qa4 8. Nf3 c4 9. h4 Nc6 10. h5 h6 11. Nh4 Nge7 12. g3 Bd7 13. Bh3 O-O-O 14. O-O Rdg8 15. Ra2 g6 16. Kh2 Rg7 17. Qf3 Qa5 18. Qf6 Rhh7 19. hxg6 Nxg6 20. Nf3 Nce7 21. Nh4 Ng8 22. Qf3 Nxh4 23. gxh4 Qd8 24. h5 Qh4 25. Bf4 f5 26. exf6 Nxf6 27. Bg3 Ng4+ 28. Kg2 Qxh5 29. Qf8+ Qe8 30. Qc5+ Bc6 31. Qxa7 Kd7 32. Re1 h5 33. f3 Qg6 34. Qb8 Ke7 35. fxg4 hxg4 36. Qd6+ Kf7 37. Rf1+ Qf5 38. Rxf5+ 1-0

[Event "Alberta-ch"]
[Site "Edmonton CAN"]
[Date "2008.03.23"]
[Round "5"]
[White "Huber, Gregory"]
[Black "Reeve, Jeff"]
[Result "1-0"]
[WhiteElo "2348"]
[BlackElo "2325"]
[PlyCount "77"]
[GameId "2160767910351394"]
[EventDate "2008.03.21"]
[EventType "tourn"]
[EventRounds "5"]
[EventCountry "CAN"]
[SourceTitle "EXT 2011"]
[Source "ChessBase"]
[SourceDate "2011.11.26"]
[SourceVersion "1"]
[SourceVersionDate "2011.11.26"]
[SourceQuality "1"]

1. e4 c5 2. Nc3 Nc6 3. g3 g6 4. Bg2 Bg7 5. d3 d6 6. f4 Nf6 7. Nf3 Rb8 8. O-O O-O 9. h3 b5 10. a3 a5 11. Be3 b4 12. axb4 axb4 13. Ne2 Bb7 14. g4 Ra8 15. Rc1 Ra2 16. b3 Qc7 17. f5 Rfa8 18. Nf4 Nd4 19. fxg6 hxg6 20. Ng5 d5 21. exd5 Qe5 22. Ne4 g5 23. Nxf6+ Bxf6 24. Be4 Nxb3 25. cxb3 gxf4 26. Bf2 Rb2 27. Rxc5 Raa2 28. Qf3 Qd6 29. Rc4 Rxb3 30. g5 Bg7 31. Qh5 f3 32. Qxf3 Ra1 33. Be1 f6 34. gxf6 exf6 35. Qh5 Rxe1 36. Rxe1 Qg3+ 37. Kf1 Kf8 38. Bf3 Qb8 39. Rce4 1-0

[Event "Alberta-ch"]
[Site "Edmonton CAN"]
[Date "2008.03.23"]
[Round "5"]
[White "Kaminski, Victor"]
[Black "Hansen, Eric"]
[Result "1/2-1/2"]
[WhiteElo "2291"]
[BlackElo "2326"]
[PlyCount "90"]
[GameId "2160767910351395"]
[EventDate "2008.03.21"]
[EventType "tourn"]
[EventRounds "5"]
[EventCountry "CAN"]
[SourceTitle "EXT 2011"]
[Source "ChessBase"]
[SourceDate "2011.11.26"]
[SourceVersion "1"]
[SourceVersionDate "2011.11.26"]
[SourceQuality "1"]

1. d4 d6 2. Nf3 Nf6 3. c4 Bg4 4. Nbd2 Nbd7 5. h3 Bxf3 6. Nxf3 g6 7. Qc2 Bg7 8. e3 O-O 9. Be2 c5 10. O-O Rc8 11. dxc5 Rxc5 12. Nd4 d5 13. b4 Rc8 14. c5 Nb8 15. Qa4 b6 16. Ba3 Ne4 17. Rac1 a6 18. Rfd1 e6 19. Qb3 Qh4 20. g3 Qf6 21. Bf3 bxc5 22. bxc5 Ng5 23. Bg2 Nc6 24. h4 Nxd4 25. exd4 Ne4 26. Bxe4 dxe4 27. c6 Rfe8 28. c7 Bh6 29. Rc6 e3 30. f4 e2 31. Re1 Qxd4+ 32. Kg2 Qd7 33. Qc4 e5 34. Rxe2 exf4 35. Rxe8+ Qxe8 36. gxf4 Bxf4 37. Bd6 Bxd6 38. Rxd6 Qe7 39. Rc6 Qe5 40. Rc5 Qe6 41. Qxe6 fxe6 42. Kf3 Kf7 43. Kf4 Ke7 44. Ke5 Kd7 45. Kf6 Rxc7 1/2-1/2

[Event "Alberta-ch"]
[Site "Edmonton CAN"]
[Date "2008.03.23"]
[Round "5"]
[White "Kazmaier, Daniel"]
[Black "Gardner, Robert"]
[Result "0-1"]
[WhiteElo "2262"]
[BlackElo "2279"]
[PlyCount "104"]
[GameId "2160767910351396"]
[EventDate "2008.03.21"]
[EventType "tourn"]
[EventRounds "5"]
[EventCountry "CAN"]
[SourceTitle "EXT 2011"]
[Source "ChessBase"]
[SourceDate "2011.11.26"]
[SourceVersion "1"]
[SourceVersionDate "2011.11.26"]
[SourceQuality "1"]

1. e4 d6 2. d4 Nf6 3. Nc3 g6 4. g3 Bg7 5. Bg2 Nbd7 6. Nge2 c5 7. O-O O-O 8. h3 Rb8 9. a4 b6 10. Be3 cxd4 11. Nxd4 Bb7 12. a5 Nc5 13. axb6 axb6 14. f3 Qd7 15. Qd2 Ra8 16. Kh2 Rfc8 17. Rfb1 Qe8 18. Bf1 h5 19. Bb5 Qd8 20. Rxa8 Bxa8 21. b4 Ncd7 22. Ba6 Rb8 23. Qf2 e5 24. Ndb5 d5 25. exd5 Nxd5 26. Nxd5 Bxd5 27. Nc3 Be6 28. Ne4 Qc7 29. Bb5 Nf6 30. Nxf6+ Bxf6 31. h4 e4 32. f4 Bc3 33. Bf1 Ba2 34. Rd1 Bxb4 35. Rd4 Bc3 36. Rxe4 b5 37. Bd4 Bd5 38. Be5 Bxe5 39. Rxe5 Ba8 40. Rxb5 Rxb5 41. Bxb5 Qb7 42. Qf1 Qd5 43. Be2 Qc5 44. c4 Qe3 45. f5 g5 46. Bxh5 gxh4 47. gxh4 Qe5+ 48. Kh3 Qe3+ 49. Kg4 Qe4+ 50. Kg5 Qe3+ 51. Qf4 f6+ 52. Kg4 Qe2+ 0-1

[Event "Anderson mem."]
[Site "Winnipeg CAN"]
[Date "2008.09.21"]
[Round "1"]
[White "Green, Leah"]
[Black "Greenberg, Harley"]
[Result "0-1"]
[WhiteElo "1168"]
[BlackElo "1754"]
[PlyCount "44"]
[GameId "2160767910311446"]
[EventDate "2008.09.21"]
[EventType "swiss"]
[EventRounds "5"]
[EventCountry "CAN"]
[SourceTitle "EXT 2011"]
[Source "ChessBase"]
[SourceDate "2011.11.26"]
[SourceVersion "1"]
[SourceVersionDate "2011.11.26"]
[SourceQuality "1"]

1. e4 a6 2. Nf3 c5 3. d4 cxd4 4. Nxd4 e5 5. Nf3 Nc6 6. Nc3 Nf6 7. Bc4 Bb4 8. a3 Bxc3+ 9. bxc3 Qc7 10. O-O O-O 11. Re1 Na5 12. Bd3 b5 13. Bd2 Bb7 14. Rb1 Nc4 15. Bxc4 bxc4 16. Rb2 Nxe4 17. Ng5 Nxg5 18. Bxg5 Qc6 19. f3 d5 20. Rxe5 f6 21. Re7 Qc5+ 22. Kf1 Qxe7 0-1

[Event "Anderson mem."]
[Site "Winnipeg CAN"]
[Date "2008.09.21"]
[Round "1"]
[White "Klusa, Lawrence"]
[Black "Rutter, Blair"]
[Result "0-1"]
[WhiteElo "1354"]
[BlackElo "1858"]
[PlyCount "64"]
[GameId "2160767910311447"]
[EventDate "2008.09.21"]
[EventType "swiss"]
[EventRounds "5"]
[EventCountry "CAN"]
[SourceTitle "EXT 2011"]
[Source "ChessBase"]
[SourceDate "2011.11.26"]
[SourceVersion "1"]
[SourceVersionDate "2011.11.26"]
[SourceQuality "1"]

1. d4 a6 2. g3 e6 3. Bg2 d5 4. Nf3 Nf6 5. Bg5 c5 6. Nc3 Nc6 7. a3 Bd7 8. Ne5 cxd4 9. Nxd7 Qxd7 10. Bxf6 gxf6 11. Na4 Qc7 12. O-O Bd6 13. b4 b5 14. Nb2 Ke7 15. Qd3 h5 16. Rfe1 h4 17. e4 dxe3 18. Rxe3 hxg3 19. fxg3 Ne5 20. Qd4 Qxc2 21. Rf1 Rac8 22. Nd3 Qc4 23. Qxc4 Rxc4 24. Nxe5 Bxe5 25. Rd3 Rc3 26. Rxc3 Bxc3 27. Rc1 d4 28. Bb7 e5 29. Bxa6 Ra8 30. Bxb5 Rxa3 31. h4 Rb3 32. Rd1 Rxb4 0-1

[Event "Anderson mem."]
[Site "Winnipeg CAN"]
[Date "2008.09.21"]
[Round "1"]
[White "Kong, Dezheng"]
[Black "Ott, Richard"]
[Result "1-0"]
[WhiteElo "1870"]
[BlackElo "1413"]
[PlyCount "57"]
[GameId "2160767910311448"]
[EventDate "2008.09.21"]
[EventType "swiss"]
[EventRounds "5"]
[EventCountry "CAN"]
[SourceTitle "EXT 2011"]
[Source "ChessBase"]
[SourceDate "2011.11.26"]
[SourceVersion "1"]
[SourceVersionDate "2011.11.26"]
[SourceQuality "1"]

1. c4 Nf6 2. Nc3 e6 3. e4 d6 4. d4 c5 5. dxc5 dxc5 6. Qxd8+ Kxd8 7. Bg5 Be7 8. O-O-O+ Ke8 9. Bxf6 gxf6 10. Nb5 Rg8 11. Nc7+ Kf8 12. Nxa8 Nc6 13. Nc7 Nd4 14. Nb5 e5 15. Nxd4 exd4 16. g3 Bd7 17. Bh3 Bc6 18. Bf5 Rg7 19. Ne2 Bd8 20. Nf4 b6 21. Nd5 Bb7 22. b4 Bc6 23. Rd3 Bb7 24. bxc5 bxc5 25. Rb3 Bxd5 26. exd5 Rg5 27. g4 h5 28. h3 Kg7 29. f4 1-0

[Event "Anderson mem."]
[Site "Winnipeg CAN"]
[Date "2008.09.21"]
[Round "1"]
[White "Letain, Cory"]
[Black "Kaptsan, Aron"]
[Result "0-1"]
[WhiteElo "1484"]
[BlackElo "2057"]
[PlyCount "37"]
[GameId "2160767910311449"]
[EventDate "2008.09.21"]
[EventType "swiss"]
[EventRounds "5"]
[EventCountry "CAN"]
[SourceTitle "EXT 2011"]
[Source "ChessBase"]
[SourceDate "2011.11.26"]
[SourceVersion "1"]
[SourceVersionDate "2011.11.26"]
[SourceQuality "1"]

1. b4 d5 2. Bb2 Nf6 3. e3 Qd6 4. b5 e5 5. d4 e4 6. c4 dxc4 7. Bxc4 Qb4+ 8. Qd2 Qxc4 9. Nc3 Be7 10. Nge2 a6 11. Rc1 axb5 12. Nxe4 Qe6 13. Nxf6+ Bxf6 14. d5 Qe7 15. Bxf6 Qxf6 16. Rxc7 Na6 17. d6 Nxc7 18. dxc7 O-O 19. O-O 0-1

[Event "Anderson mem."]
[Site "Winnipeg CAN"]
[Date "2008.09.21"]
[Round "1"]
[White "Lipnowski, Samuel"]
[Black "Green, Jim"]
[Result "1-0"]
[WhiteElo "2294"]
[BlackElo "1738"]
[PlyCount "75"]
[GameId "2160767910311450"]
[EventDate "2008.09.21"]
[EventType "swiss"]
[EventRounds "5"]
[EventCountry "CAN"]
[SourceTitle "EXT 2011"]
[Source "ChessBase"]
[SourceDate "2011.11.26"]
[SourceVersion "1"]
[SourceVersionDate "2011.11.26"]
[SourceQuality "1"]

1. b4 a5 2. b5 b6 3. a4 e5 4. Bb2 d6 5. Nf3 f5 6. g3 Nd7 7. Bg2 Rb8 8. O-O Ngf6 9. c3 h6 10. Nh4 Nc5 11. Ng6 Rg8 12. d4 exd4 13. cxd4 Ne6 14. Qb3 d5 15. Nxf8 Kxf8 16. Ba3+ Kf7 17. e3 Ng5 18. Nc3 Be6 19. Rac1 Nge4 20. Nxe4 Nxe4 21. Qc2 Rc8 22. f3 Nd6 23. Rce1 Nc4 24. Bc1 Rf8 25. Kh1 Kg8 26. Qc3 Qf6 27. e4 fxe4 28. fxe4 Qg6 29. exd5 Rxf1+ 30. Rxf1 Nd6 31. dxe6 Qxe6 32. Re1 Qf6 33. Bf4 Nf5 34. Be5 Qg5 35. Rc1 Qd8 36. Qc4+ Kh7 37. Qf7 Qg5 38. Be4 1-0

[Event "Anderson mem."]
[Site "Winnipeg CAN"]
[Date "2008.09.21"]
[Round "1"]
[White "Remillard, John"]
[Black "Nikouline, Alexandre"]
[Result "0-1"]
[WhiteElo "1625"]
[BlackElo "2111"]
[PlyCount "27"]
[GameId "2160767910311451"]
[EventDate "2008.09.21"]
[EventType "swiss"]
[EventRounds "5"]
[EventCountry "CAN"]
[SourceTitle "EXT 2011"]
[Source "ChessBase"]
[SourceDate "2011.11.26"]
[SourceVersion "1"]
[SourceVersionDate "2011.11.26"]
[SourceQuality "1"]

1. b4 e5 2. Bb2 f6 3. b5 d5 4. d4 e4 5. e3 Be6 6. Nd2 Bd6 7. Rc1 Ne7 8. c4 c6 9. cxd5 Bxd5 10. bxc6 Nbxc6 11. Bc4 f5 12. Bxd5 Nxd5 13. Qb3 Ncb4 14. Qxd5 0-1

[Event "Anderson mem."]
[Site "Winnipeg CAN"]
[Date "2008.09.21"]
[Round "1"]
[White "Schulz, Waldemar"]
[Black "Trueman, Francis"]
[Result "1-0"]
[WhiteElo "2059"]
[BlackElo "1502"]
[PlyCount "51"]
[GameId "2160767910311452"]
[EventDate "2008.09.21"]
[EventType "swiss"]
[EventRounds "5"]
[EventCountry "CAN"]
[SourceTitle "EXT 2011"]
[Source "ChessBase"]
[SourceDate "2011.11.26"]
[SourceVersion "1"]
[SourceVersionDate "2011.11.26"]
[SourceQuality "1"]

1. b4 e5 2. Bb2 Nf6 3. b5 d6 4. e3 Be7 5. Nf3 O-O 6. c4 Nbd7 7. Be2 c5 8. O-O e4 9. Ne1 g5 10. d3 Ne5 11. dxe4 Nxe4 12. Nf3 Nxf3+ 13. Bxf3 Nf6 14. h3 Bf5 15. Bxb7 Rb8 16. Bc6 g4 17. hxg4 Nxg4 18. Qf3 Bc8 19. Nd2 Bf6 20. Bxf6 Nxf6 21. Ne4 Nxe4 22. Qxe4 Kh8 23. Qf4 Rg8 24. Rad1 Rg5 25. Qxd6 Rxg2+ 26. Bxg2 1-0

[Event "Anderson mem."]
[Site "Winnipeg CAN"]
[Date "2008.09.21"]
[Round "2"]
[White "Bince, Rolando"]
[Black "Lipnowski, Samuel"]
[Result "1-0"]
[WhiteElo "1949"]
[BlackElo "2294"]
[PlyCount "77"]
[GameId "2160767910311453"]
[EventDate "2008.09.21"]
[EventType "swiss"]
[EventRounds "5"]
[EventCountry "CAN"]
[SourceTitle "EXT 2011"]
[Source "ChessBase"]
[SourceDate "2011.11.26"]
[SourceVersion "1"]
[SourceVersionDate "2011.11.26"]
[SourceQuality "1"]

1. e4 a6 2. d4 c5 3. d5 b5 4. c4 b4 5. b3 d6 6. Bb2 Nf6 7. Nd2 g6 8. f4 Bg7 9. Ngf3 O-O 10. Be2 a5 11. O-O Ng4 12. Bxg7 Kxg7 13. Qc1 a4 14. h3 Nf6 15. g4 Nbd7 16. e5 Ne8 17. Ne4 Qc7 18. exd6 exd6 19. Qe3 Nef6 20. f5 Re8 21. Nfd2 Nxe4 22. Nxe4 Nf6 23. Bd3 Nxe4 24. Bxe4 f6 25. fxg6 hxg6 26. Rxf6 Kxf6 27. Qh6 Qg7 28. Rf1+ Bf5 29. Rxf5+ Ke7 30. Qxg7+ Kd8 31. Rf7 Ra5 32. Rd7+ Kc8 33. Rc7+ Kb8 34. Rb7+ Ka8 35. Qd7 Rh8 36. Rb6 Rb8 37. Qc6+ Ka7 38. Qc7+ Ka8 39. Rxb8# 1-0

[Event "Anderson mem."]
[Site "Winnipeg CAN"]
[Date "2008.09.21"]
[Round "2"]
[White "Kaptsan, Aron"]
[Black "Green, Aaron"]
[Result "1-0"]
[WhiteElo "2057"]
[BlackElo "1772"]
[PlyCount "88"]
[GameId "2160767910311454"]
[EventDate "2008.09.21"]
[EventType "swiss"]
[EventRounds "5"]
[EventCountry "CAN"]
[SourceTitle "EXT 2011"]
[Source "ChessBase"]
[SourceDate "2011.11.26"]
[SourceVersion "1"]
[SourceVersionDate "2011.11.26"]
[SourceQuality "1"]

1. b4 a5 2. b5 b6 3. Bb2 e6 4. Nf3 Bb7 5. e3 Nf6 6. Be2 Be7 7. O-O O-O 8. c4 d5 9. cxd5 Nxd5 10. d4 c5 11. bxc6 Nxc6 12. Nbd2 Rc8 13. Nc4 Ba6 14. Nce5 Bxe2 15. Qxe2 f6 16. Nxc6 Rxc6 17. Rac1 Qc7 18. Rxc6 Qxc6 19. Rc1 Qb7 20. Qc4 Qd7 21. Qc6 Rd8 22. a3 Kf7 23. Kf1 Qxc6 24. Rxc6 Rd6 25. Rc2 Ke8 26. Ke2 Kd7 27. g3 Rc6 28. Kd3 Rxc2 29. Kxc2 Kc6 30. Kb3 b5 31. Ne1 Nb6 32. Nd3 Nc4 33. Bc1 a4+ 34. Ka2 Na5 35. Bd2 Nc4 36. Bb4 Bxb4 37. Nxb4+ Kd6 38. Nd3 Nb6 39. e4 Nd7 40. f4 e5 41. dxe5+ fxe5 42. f5 Nf6 43. Nf2 g6 44. g4 g5 1-0

[Event "Anderson mem."]
[Site "Winnipeg CAN"]
[Date "2008.09.21"]
[Round "2"]
[White "Nikouline, Alexandre"]
[Black "Kong, Dezheng"]
[Result "1-0"]
[WhiteElo "2111"]
[BlackElo "1870"]
[PlyCount "43"]
[GameId "2160767910311455"]
[EventDate "2008.09.21"]
[EventType "swiss"]
[EventRounds "5"]
[EventCountry "CAN"]
[SourceTitle "EXT 2011"]
[Source "ChessBase"]
[SourceDate "2011.11.26"]
[SourceVersion "1"]
[SourceVersionDate "2011.11.26"]
[SourceQuality "1"]

1. e4 c5 2. Nf3 d6 3. d4 cxd4 4. Nxd4 Nf6 5. Nc3 a6 6. Bg5 e6 7. f4 Be7 8. Qf3 Qc7 9. O-O-O Nbd7 10. Bd3 b5 11. Rhe1 Bb7 12. Nd5 exd5 13. Nf5 dxe4 14. Bxe4 Bxe4 15. Rxe4 O-O 16. Rxe7 Rac8 17. Rd2 Rfe8 18. Bxf6 Qc5 19. Nh6+ Kh8 20. Nxf7+ Kg8 21. Nh6+ Kh8 22. Bxg7# 1-0

[Event "Anderson mem."]
[Site "Winnipeg CAN"]
[Date "2008.09.21"]
[Round "2"]
[White "Rutter, Blair"]
[Black "Schulz, Waldemar"]
[Result "0-1"]
[WhiteElo "1858"]
[BlackElo "2059"]
[PlyCount "60"]
[GameId "2160767910311456"]
[EventDate "2008.09.21"]
[EventType "swiss"]
[EventRounds "5"]
[EventCountry "CAN"]
[SourceTitle "EXT 2011"]
[Source "ChessBase"]
[SourceDate "2011.11.26"]
[SourceVersion "1"]
[SourceVersionDate "2011.11.26"]
[SourceQuality "1"]

1. b4 a5 2. b5 Nf6 3. c4 e5 4. Nc3 d6 5. g3 Nbd7 6. Bg2 Be7 7. Nh3 O-O 8. O-O Nc5 9. d3 Bf5 10. e4 Bg4 11. f3 Bd7 12. Be3 Ne6 13. f4 exf4 14. Nxf4 Nxf4 15. Bxf4 Bg4 16. Qd2 Qd7 17. Rf2 Bh3 18. Raf1 Bxg2 19. Kxg2 Ng4 20. Re2 Ne5 21. Nd5 Bd8 22. Qc3 c6 23. Bxe5 dxe5 24. bxc6 bxc6 25. Ne3 Qd4 26. Qxd4 exd4 27. Nf5 Bf6 28. e5 Rfe8 29. Nxd4 Rxe5 30. Rxe5 Bxe5 0-1

[Event "Anderson mem."]
[Site "Winnipeg CAN"]
[Date "2008.09.21"]
[Round "3"]
[White "Boron, Anthony"]
[Black "Nikouline, Alexandre"]
[Result "0-1"]
[WhiteElo "1980"]
[BlackElo "2111"]
[PlyCount "106"]
[GameId "2160767910311458"]
[EventDate "2008.09.21"]
[EventType "swiss"]
[EventRounds "5"]
[EventCountry "CAN"]
[SourceTitle "EXT 2011"]
[Source "ChessBase"]
[SourceDate "2011.11.26"]
[SourceVersion "1"]
[SourceVersionDate "2011.11.26"]
[SourceQuality "1"]

1. e4 e6 2. d3 d5 3. Nd2 c5 4. Ngf3 Nc6 5. g3 Bd6 6. Bg2 Nge7 7. O-O O-O 8. Re1 Ng6 9. h4 d4 10. Nc4 Nge5 11. Nxd6 Qxd6 12. Nxe5 Nxe5 13. Bf4 f6 14. Bd2 Nc6 15. f4 e5 16. f5 b5 17. Qg4 Bd7 18. h5 Rf7 19. a4 bxa4 20. Rxa4 Nb4 21. Ra5 Nxc2 22. Rc1 Nb4 23. Qf3 Rc8 24. Rxa7 Bb5 25. Rxf7 Kxf7 26. Bxb4 Qa6 27. Rxc5 Rxc5 28. Bxc5 Bxd3 29. Bf1 Bc4 30. Bxc4+ Qxc4 31. Qa3 h6 32. Qa7+ Kg8 33. Qb6 Qd3 34. Qd8+ Kh7 35. Qe8 Qd1+ 36. Kh2 Qc2+ 37. Kh3 Qxc5 38. Qg6+ Kg8 39. Qe8+ Qf8 40. Qd7 Qa8 41. b4 Kh7 42. b5 Qxe4 43. b6 d3 44. b7 d2 45. Qxd2 Qxb7 46. Qf2 Qh1+ 47. Kg4 Qd1+ 48. Qf3 Qxf3+ 49. Kxf3 Kg8 50. Ke4 Kf7 51. g4 Ke7 52. Kd5 Kd7 53. g5 hxg5 0-1

[Event "Anderson mem."]
[Site "Winnipeg CAN"]
[Date "2008.09.21"]
[Round "3"]
[White "Green, Aaron"]
[Black "Klusa, Mark"]
[Result "1-0"]
[WhiteElo "1772"]
[BlackElo "1478"]
[PlyCount "27"]
[GameId "2160767910311459"]
[EventDate "2008.09.21"]
[EventType "swiss"]
[EventRounds "5"]
[EventCountry "CAN"]
[SourceTitle "EXT 2011"]
[Source "ChessBase"]
[SourceDate "2011.11.26"]
[SourceVersion "1"]
[SourceVersionDate "2011.11.26"]
[SourceQuality "1"]

1. b4 e6 2. Bb2 Nf6 3. a3 a5 4. b5 d5 5. d3 c6 6. bxc6 Nxc6 7. Nf3 Bd6 8. Nbd2 O-O 9. c4 dxc4 10. Nxc4 Be7 11. g3 b5 12. Ncd2 Bb7 13. Bg2 b4 14. O-O 1-0

[Event "Anderson mem."]
[Site "Winnipeg CAN"]
[Date "2008.09.21"]
[Round "3"]
[White "Kong, Dezheng"]
[Black "Bince, Rolando"]
[Result "0-1"]
[WhiteElo "1870"]
[BlackElo "1949"]
[PlyCount "49"]
[GameId "2160767910311460"]
[EventDate "2008.09.21"]
[EventType "swiss"]
[EventRounds "5"]
[EventCountry "CAN"]
[SourceTitle "EXT 2011"]
[Source "ChessBase"]
[SourceDate "2011.11.26"]
[SourceVersion "1"]
[SourceVersionDate "2011.11.26"]
[SourceQuality "1"]

1. c4 g6 2. Nc3 Bg7 3. Nf3 c5 4. e3 Nc6 5. d4 cxd4 6. exd4 d6 7. Be2 Nf6 8. O-O O-O 9. d5 Nb8 10. h3 Nh5 11. Be3 f5 12. Bd4 Nf6 13. Re1 Re8 14. Bd3 b6 15. Ne2 Na6 16. Nf4 Nc7 17. Ng5 h6 18. Nge6 Bxe6 19. Nxe6 Nxe6 20. Rxe6 Rf8 21. Qe1 Rf7 22. g4 Rb8 23. Qe2 Qe8 24. Re1 Rc8 25. f4 0-1

[Event "Anderson mem."]
[Site "Winnipeg CAN"]
[Date "2008.09.21"]
[Round "3"]
[White "Letain, Cory"]
[Black "Green, Jim"]
[Result "0-1"]
[WhiteElo "1484"]
[BlackElo "1738"]
[PlyCount "24"]
[GameId "2160767910311461"]
[EventDate "2008.09.21"]
[EventType "swiss"]
[EventRounds "5"]
[EventCountry "CAN"]
[SourceTitle "EXT 2011"]
[Source "ChessBase"]
[SourceDate "2011.11.26"]
[SourceVersion "1"]
[SourceVersionDate "2011.11.26"]
[SourceQuality "1"]

1. b4 a6 2. a3 d5 3. Bb2 Bf5 4. Nf3 Nd7 5. Nd4 Bg6 6. Nc3 e5 7. Nf3 Ngf6 8. Nh4 d4 9. Nxg6 hxg6 10. Na2 Ng4 11. h3 Qf6 12. f3 Qh4+ 0-1

[Event "Anderson mem."]
[Site "Winnipeg CAN"]
[Date "2008.09.21"]
[Round "3"]
[White "Remillard, John"]
[Black "Rutter, Blair"]
[Result "0-1"]
[WhiteElo "1625"]
[BlackElo "1858"]
[PlyCount "55"]
[GameId "2160767910311463"]
[EventDate "2008.09.21"]
[EventType "swiss"]
[EventRounds "5"]
[EventCountry "CAN"]
[SourceTitle "EXT 2011"]
[Source "ChessBase"]
[SourceDate "2011.11.26"]
[SourceVersion "1"]
[SourceVersionDate "2011.11.26"]
[SourceQuality "1"]

1. b4 a6 2. Nf3 d6 3. d4 e6 4. e4 d5 5. exd5 exd5 6. c3 Nf6 7. Bg5 Be7 8. Bd3 O-O 9. O-O Bg4 10. Nbd2 Nbd7 11. h3 Bh5 12. g4 Bg6 13. Qc2 Re8 14. Ne5 Bxd3 15. Qxd3 c6 16. f4 a5 17. Bxf6 Nxf6 18. g5 Nh5 19. a3 axb4 20. cxb4 Qc8 21. Qf3 g6 22. h4 Qf5 23. Nb3 Rac8 24. Nc5 Rc7 25. a4 b6 26. Ncd3 Bf8 27. a5 b5 28. Rfc1 0-1

[Event "Anderson mem."]
[Site "Winnipeg CAN"]
[Date "2008.09.21"]
[Round "4"]
[White "Kaptsan, Aron"]
[Black "Lipnowski, Samuel"]
[Result "0-1"]
[WhiteElo "2057"]
[BlackElo "2294"]
[PlyCount "112"]
[GameId "2160767910311464"]
[EventDate "2008.09.21"]
[EventType "swiss"]
[EventRounds "5"]
[EventCountry "CAN"]
[SourceTitle "EXT 2011"]
[Source "ChessBase"]
[SourceDate "2011.11.26"]
[SourceVersion "1"]
[SourceVersionDate "2011.11.26"]
[SourceQuality "1"]

1. b4 a5 2. b5 b6 3. Bb2 Bb7 4. e3 Nf6 5. Nf3 g6 6. Be2 Bg7 7. O-O O-O 8. c4 c5 9. d4 d6 10. d5 Nbd7 11. Nbd2 Ne8 12. Bxg7 Nxg7 13. Qc2 e6 14. e4 e5 15. Bd3 Nh5 16. g3 Kh8 17. Rae1 Ng7 18. Nh4 Bc8 19. Ng2 Nf6 20. f4 Bh3 21. fxe5 dxe5 22. Nf3 Ng4 23. Kh1 Ne8 24. Ng1 Bxg2+ 25. Kxg2 Qg5 26. Qe2 h5 27. Nf3 Qe7 28. h3 Nh6 29. Qe3 Kg7 30. Ng5 Nd6 31. Rf2 Rae8 32. a4 Qd7 33. Ref1 Ng8 34. Bc2 Nxc4 35. Qc3 Nd6 36. Bd3 Qe7 37. h4 Nh6 38. Qd2 Ng4 39. Rf3 Rc8 40. Bb1 Nh6 41. Qe2 Rfd8 42. Qd2 Rd7 43. Rf6 Ng4 44. R6f3 Rdc7 45. Ba2 c4 46. Rc3 Kg8 47. Qe2 f6 48. Ne6 Rd7 49. Rfc1 f5 50. exf5 Nxf5 51. Qe4 Rxd5 52. Bxc4 Rxc4 53. Rxc4 Rd2+ 54. Kg1 Qxe6 55. Rc6 Qa2 56. Rc8+ Kh7 0-1

[Event "Anderson mem."]
[Site "Winnipeg CAN"]
[Date "2008.09.21"]
[Round "4"]
[White "Nikouline, Alexandre"]
[Black "Bince, Rolando"]
[Result "0-1"]
[WhiteElo "2111"]
[BlackElo "1949"]
[PlyCount "78"]
[GameId "2160767910311465"]
[EventDate "2008.09.21"]
[EventType "swiss"]
[EventRounds "5"]
[EventCountry "CAN"]
[SourceTitle "EXT 2011"]
[Source "ChessBase"]
[SourceDate "2011.11.26"]
[SourceVersion "1"]
[SourceVersionDate "2011.11.26"]
[SourceQuality "1"]

1. e4 e6 2. d4 d5 3. e5 c5 4. c3 Nc6 5. Nf3 Qc7 6. Bd3 Bd7 7. O-O g6 8. Na3 a6 9. Nc2 b6 10. Ne3 h5 11. Qe2 Be7 12. Bxa6 c4 13. Bb5 Nxe5 14. Nxe5 Bxb5 15. Qf3 Bd6 16. Nxd5 exd5 17. Qxd5 Ra5 18. Re1 Kf8 19. Nxf7 Bxh2+ 20. Kh1 Qxf7 21. Qd8+ Kg7 22. Kxh2 Ra7 23. Bg5 Qc7+ 24. Re5 Qxd8 25. Bxd8 Nh6 26. Bxb6 Rb7 27. Rxb5 Rhb8 28. Rc5 Rxb6 29. Rxc4 Rxb2 30. a4 Rxf2 31. Rb4 Ng4+ 32. Kg1 Re8 33. Rf1 Rc2 34. Rb7+ Kh6 35. Rff7 Ree2 36. a5 Rxg2+ 37. Kh1 Rh2+ 38. Kg1 Rcg2+ 39. Kf1 Ne3+ 0-1